Normal view
MARC view
- تشريعات البيئة -- القانون المدني -- المسؤولية المدنية -- القانون المدني -- حماية البيئة -- الأردن -- مصر
Entry Topical Term
001 - CONTROL NUMBER
- control field: 56717
003 - CONTROL NUMBER IDENTIFIER
- control field: JO-AjAnu
005 - DATE AND TIME OF LATEST TRANSACTION
- control field: 20230606083307.0
008 - FIXED-LENGTH DATA ELEMENTS
- fixed length control field: 230606|| aca||aabn | a|a d
040 ## - CATALOGING SOURCE
- Original cataloging agency: JO-AjAnu
- Transcribing agency: JO-AjAnu
150 ## - HEADING--TOPICAL TERM
- Topical term or geographic name entry element: تشريعات البيئة -- القانون المدني -- المسؤولية المدنية -- القانون المدني -- حماية البيئة -- الأردن -- مصر
670 ## - SOURCE DATA FOUND
- Source citation: Work cat.: (JO-AjAnu)28942: تأليف حمادين، عيسى مصطفى, author 56716, المسؤولية المدنية التقصيرية عن الأضرار البيئية: دراسة مقارنة بين القانون الأردني والقانون المصري